<?xml version="1.0" encoding="UTF-8"?>
<record
    xmlns:xsi="http://www.w3.org/2001/XMLSchema-instance"
    xsi:schemaLocation="http://www.loc.gov/MARC21/slim http://www.loc.gov/standards/marcxml/schema/MARC21slim.xsd"
    xmlns="http://www.loc.gov/MARC21/slim">

  <leader>00980nam a22002177a 4500</leader>
  <datafield tag="952" ind1=" " ind2=" ">
    <subfield code="0">0</subfield>
    <subfield code="1">0</subfield>
    <subfield code="2">lcc</subfield>
    <subfield code="4">0</subfield>
    <subfield code="7">0</subfield>
    <subfield code="a">20</subfield>
    <subfield code="b">20</subfield>
    <subfield code="d">2014-10-11</subfield>
    <subfield code="l">7</subfield>
    <subfield code="o">HQ7992 C63</subfield>
    <subfield code="p">20 002175</subfield>
    <subfield code="r">2024-06-11</subfield>
    <subfield code="s">2024-06-06</subfield>
    <subfield code="t">1</subfield>
    <subfield code="w">2014-10-11</subfield>
    <subfield code="y">LB</subfield>
  </datafield>
  <datafield tag="999" ind1=" " ind2=" ">
    <subfield code="c">94581</subfield>
    <subfield code="d">94581</subfield>
  </datafield>
  <controlfield tag="008">141011b2008    m  ||||| |||| 00| 0 s   d</controlfield>
  <datafield tag="020" ind1=" " ind2=" ">
    <subfield code="a">9789707322561</subfield>
  </datafield>
  <datafield tag="050" ind1=" " ind2=" ">
    <subfield code="a">HQ7992</subfield>
    <subfield code="b">C63</subfield>
  </datafield>
  <datafield tag="100" ind1=" " ind2=" ">
    <subfield code="a">Cobo, Paloma</subfield>
    <subfield code="e">autor</subfield>
  </datafield>
  <datafield tag="245" ind1=" " ind2=" ">
    <subfield code="a">Bullying en m&#xE9;xico</subfield>
    <subfield code="b"> : conductas violentas en ni&#xF1;os y adolescentes </subfield>
    <subfield code="c"> / Paloma Cobo ; Romeo Tello Garrido</subfield>
  </datafield>
  <datafield tag="260" ind1=" " ind2=" ">
    <subfield code="a">M&#xE9;xico</subfield>
    <subfield code="b"> : Quarzo</subfield>
    <subfield code="c"> , 2008</subfield>
  </datafield>
  <datafield tag="300" ind1=" " ind2=" ">
    <subfield code="a">227 p&#xE1;ginas</subfield>
  </datafield>
  <datafield tag="504" ind1=" " ind2=" ">
    <subfield code="a">Incluye:
Introducci&#xF3;n
Bibliograf&#xED;a (pp. 223-227)
Anexos
Tabla de contenido</subfield>
  </datafield>
  <datafield tag="505" ind1=" " ind2=" ">
    <subfield code="a">La violencia, su or&#xED;genes, sus causas y sus fines
los modelos de conducta violenta, &#xBF;m&#xE1;s erca de lo que imaginamos?
Bullying
C&#xF3;mo manejar le bullying en el ambiente familiar
C&#xF3;mo manejar el bullying en la escuela
Conclusiones</subfield>
  </datafield>
  <datafield tag="519" ind1=" " ind2=" ">
    <subfield code="a">Material Complementario / </subfield>
    <subfield code="d">(20 002175)</subfield>
  </datafield>
  <datafield tag="650" ind1=" " ind2="0">
    <subfield code="a">VIOLENCIA ESCOLAR</subfield>
  </datafield>
  <datafield tag="650" ind1=" " ind2="0">
    <subfield code="a">VIOLENCIA FAMILIAR</subfield>
    <subfield code="x">NI&#xD1;OS</subfield>
  </datafield>
  <datafield tag="650" ind1=" " ind2="0">
    <subfield code="a">AGRESIVIDAD</subfield>
    <subfield code="x">CAUSAS - OR&#xCD;GEN</subfield>
  </datafield>
  <datafield tag="700" ind1=" " ind2=" ">
    <subfield code="a">Romeo Tello Garrido</subfield>
    <subfield code="e">autor</subfield>
  </datafield>
  <datafield tag="942" ind1=" " ind2=" ">
    <subfield code="c">LB</subfield>
  </datafield>
</record>
